The continuum : a critical examination of the foundation of analysis
Αποθηκεύτηκε σε:
| Κύριος συγγραφέας: | |
|---|---|
| Μορφή: | Βιβλίο |
| Γλώσσα: | English |
| Δημοσίευση: |
New York :
Dover Publications,
1994
|
| Θέματα: | |
| Ετικέτες: |
Προσθήκη ετικέτας
Δεν υπάρχουν, Καταχωρήστε ετικέτα πρώτοι!
|
MARC
| LEADER | 00000nam a2200000 i 4500 | ||
|---|---|---|---|
| 001 | 1/68885 | ||
| 008 | 150323s1994 eng d | ||
| 020 | |a 978-0-486-67982-2 | ||
| 020 | |a 0-486-67982-9 | ||
| 035 | |l 10121440 | ||
| 040 | |a GR-MY-UA |b gre |e aacr | ||
| 041 | 0 | |a eng | |
| 082 | 0 | |a 515 |2 (23) | |
| 100 | 1 | |a Weyl, Hermann, |d 1885-1955. | |
| 245 | 1 | 4 | |a The continuum : |b a critical examination of the foundation of analysis / |c Hermann Weyl ; translated by Stephen Pollard & Thomas Bole |
| 260 | |a New York : |b Dover Publications, |c 1994 | ||
| 300 | |a xxvi, 130 σ.; |c 22 εκ. | ||
| 504 | |a Βιβλιογραφία: σ.124-128. Ευρετήριο | ||
| 650 | 0 | 0 | |a Mathematical analysis |x Foundations. |
| 852 | |a INST |b SAMOS |e 20150323 |h 515 WEY |p 005300042009 |q 005300042009 |t BK |y 0 | ||
| 901 | |a BIBL3-2015-1 | ||
| 909 | |a Σ |b 192031 | ||
| 922 | |a 3ΕΛΗ |b 201501 |c ΜΕΤΑΠΤΥΧΙΑΚΟ0/ΤΜΗΜΑ ΜΑΘΗΜΑΤΙΚΩΝ |d ΔΡΕΣ | ||
| 970 | |a ΚΟΣΙΕΡΗΣ |b ΧΡΗΣΤΟΣ |z 2015/03/23 | ||